| 000 | 01035nam a2200265Ia 4500 | ||
|---|---|---|---|
| 003 | OSt | ||
| 005 | 20221005103708.0 | ||
| 006 | a|||||r|||| 00| 0 | ||
| 007 | ta | ||
| 008 | 221004b |||||||| |||| 00| 0 hin d | ||
| 020 |
_a9788193432808 (hbk) _cINR 560.00 |
||
| 024 | _a43374 | ||
| 037 |
_bIN-2301, 14/03/2019, Kitab Ghar Prakashan _cTextual |
||
| 040 |
_aCRL _cCRL _bhin |
||
| 041 |
_2hin _ahin |
||
| 082 | _aQ2:332, 152Q7 | ||
| 100 | _aगोविन्द रजनीश, संपा. | ||
| 245 | 0 |
_aमहायोगी गोरखनाथ _b साहित्य और दर्शन |
|
| 246 | _aMahāyogī gorakhanātha: sāhitya aur darshana | ||
| 260 |
_aदिल्ली _bअमरसत्य प्रकाशन भारत _c2017 |
||
| 300 |
_a288पृ0 _ccm. |
||
| 650 | _aहिन्दू धर्म | ||
| 942 |
_hQ2:332, 152Q7 _cTEXL _2cc |
||
| 999 |
_c1010658 _d1010658 |
||